| 000 | 00676nam a2200229 a 4500 | ||
|---|---|---|---|
| 001 | BRCA_6345 | ||
| 005 | 20190320205424.0 | ||
| 008 | 160811s19031905gw-a######---#000-0#ger-# | ||
| 041 | _ager | ||
| 044 | _agw | ||
| 050 | 4 |
_aPT1858 _b.E95 I4 _c1903 |
|
| 100 | 1 |
_aEyth, Max _d1836-1906 _915909 |
|
| 245 | 1 | 0 |
_aIm Strom unserer Zeit _baus Briefen eines Ingenieurs _cMax Eyth. |
| 250 | _a3 | ||
| 260 |
_aHeidelberg, Alemania _bCarl Winter´s _c1903 |
||
| 300 |
_a3 v. _bil. (algunas a color) _c20 cm. |
||
| 500 | _aK112 | ||
| 501 | _aContenido: v.1. Lehrjahre.-- v.2. Wanderjahre .-- v.3. Meisterjahre. | ||
| 650 | 1 | 4 |
_aLiteratura Alemana _96160 |
| 902 | _aGFM | ||
| 942 |
_2lcc _cB |
||
| 999 |
_c6031 _d6031 |
||